|
|
|
|
| LEADER |
00000nab a2200000 4500 |
| 001 |
vtls012251690 |
| 003 |
SK-MaSNL |
| 005 |
20260318123652.0 |
| 008 |
240229c2020 xo br|p || ||00 c0ukr |
| 015 |
|
|
|a SNBRB2024/02
|
| 038 |
|
|
|a SVKPOCL
|
| 040 |
|
|
|a SVKPOCL
|b slo
|c SVKPOCL
|e rda
|
| 041 |
0 |
|
|a ukr
|
| 044 |
|
|
|a xo
|c SK
|
| 072 |
|
7 |
|a 0/9-053.2
|x Literatúra pre deti a mládež (náučná)
|2 konspekt
|
| 080 |
|
|
|a 82(=161.25):316.346.32-053.2
|2 2011
|
| 080 |
|
|
|a 633.841:811.161.25
|2 2011
|
| 080 |
|
|
|a 316.346.32-053.2
|2 2011
|
| 080 |
|
|
|a 633.841(072)
|2 2011
|
| 100 |
1 |
|
|a Citriaková, Zdenka,
|d 1990-
|4 aut
|9 174528
|
| 245 |
1 |
0 |
|a Čom nočnŷ motŷl'i let'at' do lampy?
|c [autor] -zc-
|
| 336 |
|
|
|a text
|b txt
|2 rdacontent
|
| 337 |
|
|
|a bez média
|b n
|2 rdamedia
|
| 338 |
|
|
|a zväzok
|b nc
|2 rdacarrier
|
| 500 |
|
|
|a Akronym odkrytý s autorkiným súhlasom
|
| 500 |
|
|
|a V rubrike Kolŷsajku, povidž, čom je to tak?
|
| 650 |
0 |
7 |
|a nočné motýle
|2 SNKPH
|9 85719
|
| 650 |
0 |
7 |
|a náučná literatúra pre deti a mládež
|2 SNKPH
|9 162162
|
| 650 |
0 |
7 |
|a krátky náučný text
|2 svkpocl
|9 1191710
|
| 773 |
0 |
|
|t Kolŷsočka
|g Roč. IV, č. 4 (2020), s. 14
|x 2585-7045
|
| 852 |
|
|
|a SVKPO
|b KIS3GCP
|
| 958 |
|
|
|a RN
|
| 958 |
|
|
|a SS
|
| 958 |
|
|
|a LX
|
| 958 |
|
|
|a NM
|
| 958 |
|
|
|a DB
|
| 999 |
|
|
|c 2650021
|d 2651951
|